| 000 | 01423nam a2200373 c 4500 | ||
|---|---|---|---|
| 999 |
_c157367 _d157367 |
||
| 003 | BLK | ||
| 005 | 20250619105510.0 | ||
| 008 | 180410b bul|||||r ||||||| ||bul|| | ||
| 010 | _aKNG00164311000 | ||
| 020 | _a978-954-27-1277-0 | ||
| 040 | _aBLK | ||
| 041 |
_aBUL _cBUL |
||
| 072 | 7 |
_2bullib _aН83 _xЧужда художествена литература Н |
|
| 080 |
_aАмериканска литература (на САЩ) _b821.111(73) _x-31 _z821.111(73)-31 |
||
| 100 | 1 |
_aАрментраут, Дженифър Л. _eпърви автор _9333730 |
|
| 139 |
_aАрментраут, Дженифър Л. _bА 86 |
||
| 245 | 1 | 0 |
_aОникс _bРоман _cДженифър Л. Арментраут; прев. от англ. Кристина Георгиева. |
| 257 | _aUSA | ||
| 260 |
_bЕгмонт България _c2014 _fСофия : Инвестпрес |
||
| 300 |
_a432 с. _c20 см |
||
| 380 | _aX | ||
| 490 |
_aЛукс _vКн. 2 _9207532 |
||
| 500 | _aОриг. загл. Onyx / Jennifer L. Armentrout. | ||
| 653 | _aромани | ||
| 659 | _aН | ||
| 700 | 1 |
_aГеоргиева, Кристина _eпрев. от англ. _9380209 |
|
| 852 | _aЦб 270421 | ||
| 856 | 4 | _qpdf | |
| 856 | 4 | _qpdf | |
| 942 |
_cKNG _n0 _024 _s1 |
||
| 944 |
_aCR _c26.08.2014 _lМинев Младен _k30530 |
||
| 944 |
_aED _c18.06.2015 _lф / _kПенка_Димитрова |
||
| 999 | _d157367 | ||